Statistics for Are You Sure? Spelling Quiz

Click here to take the quiz!

General Stats

  • This quiz has been taken 765 times
    (744 since last reset)
  • The average score is 10 of 15

Answer Stats

Misspelled Correct Spelling % Correct
therefourtherefore
91%
neyburneighbor
91%
mispelmisspell
89%
hygenichygienic
80%
hancercheifhandkerchief
80%
twelthtwelfth
80%
tearannytyranny
78%
sargentsergeant
75%
liasonliaison
70%
superseedsupersede
55%
munuvermaneuver
53%
convalaceconvalesce
52%
onomatapeeaonomatopoeia
40%
diekiridaiquiri
38%
consheensusconscientious
36%

Score Distribution

Percentile by Number Answered

Percent of People with Each Score

Your Score History

You have not taken this quiz since the last reset